| 000 | 00456nam a22001697a 4500 | ||
|---|---|---|---|
| 020 | _a9789361009150 | ||
| 082 |
_aM080 32 _bRAM/S |
||
| 100 | _aRamesh Chandran V | ||
| 245 |
_aSanchara sahithyam malayalathil/ _cby Ramesh Chandran V |
||
| 250 | _a2nd. | ||
| 260 |
_aThiruvananthapuram: _bKerala Bhasha Institute, _c2025. |
||
| 300 | _a296p. | ||
| 650 | _aTravelogue Malayalam | ||
| 650 | _aLiterature Malayalam | ||
| 650 | _aLiterature | ||
| 942 | _cBK | ||
| 999 |
_c181942 _d181942 |
||